000 00731nam a2200229 a 4500
001 000030174
005 20200930060114.0
008 110503s2009 dr af 000 0 spa d
020 _a9789945868203
040 _aDO-SdBNP
_bspa
_cBNPHU
082 _axxx
_bM935r
245 0 0 _aQuintapata :
_bMover la roca /
_cTony Capellán... [et al.].
260 _aSanto Domingo :
_bCentro Cultural de España en Santo Domingo,
_c2009.
300 _a103 p. :
_bil. ; lám. ;
_c26 cm.
500 _aIncluye notas al pie de páginas
700 1 _aCapellán, Tony
_956884
700 1 _aMeccariello, Pascal
_956885
700 1 _aPaiewonsky, Raquel
_956886
700 1 _aPineda, Jorge
_97045
700 1 _aRamírez, Belkis
_956887
049 _aBNPD
999 _c29666
_d29666